Les paraboles de Jésus Christ - mort subite - Statistiques

Statistiques générales
  • Ce quiz a été pris 855 fois
  • Le résultat moyen est 4 sur 10
Answers on the Grid
Answers color-coded by a green-red scale on the quiz's grid according to % correct below.
Les Talents
Le Buisson ardent
Le Fils prodigue
Le Bon larron
Le Miracle de la rosée
Le Ver et le ricin
Le Figuier
Le Semeur
Lazare et l'homme riche
La Pêche miraculeuse
Le Sermon sur la montagne
Les Sept sceaux
Le Bon Samaritain
Le Bon grain et l'ivraie
La Paille et la poutre
L'Agneau mystique
La Porte étroite
Les Sept trompettes
Le Passage de la Mer Rouge
La Maison bâtie sur le roc
 
Statistiques - réponses
Réponse % Correct
Le Fils prodigue
67%
Le Bon Samaritain
46%
Le Semeur
43%
Les Talents
40%
Le Figuier
39%
Lazare et l'homme riche
34%
La Paille et la poutre
28%
Le Bon grain et l'ivraie
26%
La Maison bâtie sur le roc
25%
La Porte étroite
25%
Aucun quiz correspondant
Distribution des résultats
% des personnes avec chaque résultat
Percentile par nombre de réponses
Votre historique - résultats
Vous n’avez pas pris ce quiz